| 000 | 00557nam a2200169Ia 4500 | ||
|---|---|---|---|
| 003 | LK-CoDNM | ||
| 008 | 140723t2017 xxu||||| |||| 00| 1 sin d | ||
| 020 |
_a _a9789557080055 |
||
| 040 |
_aLK-CoDNM _dLK-CoDNM _eLK-CoDNM |
||
| 041 | _asin | ||
| 080 |
_a809.132 _bCHA |
||
| 100 |
_aඤාණරත්න හිමි, පුස්සැල්ලාවේ _vChanarathana Himi,Pusselawe |
||
| 245 | _aසේතුබන්ධමහාකාව්යම් | ||
| 246 | _aSethubandamahakawyam | ||
| 260 |
_bSamayawardana Pothhala _aColombo _c2017 |
||
| 942 | _cBK | ||
| 999 |
_c80241 _d80241 |
||